000 00601nam a2200193 i 4500
001 130846
003 ES-MaACL
005 20250806062943.0
007 t|
008 070810s1945 ag ||||1| spa d
100 1 _aZeno, Lelio.
_9118182
245 1 0 _aClínica psicosomática /
_cpor Lelio Zeno y Emilio Pizarro Crespo.
260 _aBuenos Aires :
_bEl Ateneo,
_c1945 (
_fEmilio Fenner)
300 _a361 p. :
_bil. ;
_c23 cm.
650 1 7 _aMedicina psicosomática
_2embne
_914937
700 1 _aPizarro Crespo, Emilio.
_992448
852 _aES-MaACL
_jC-3920
_bR.23644
999 _c130846
_d130846